Príroda Tatranského národného parku /

Gespeichert in:
Bibliographische Detailangaben
1. Verfasser: Hirš, Milan (Verfasst von)
Format: Buch
Sprache:Slowakisch
Veröffentlicht: Martin: Osveta, 1956
Ausgabe:1. vyd.
Tags: Tag hinzufügen
Keine Tags, Fügen Sie das erste Tag hinzu!

MARC

LEADER 00000nam a22000003a 4500
001 0024911
003 SK-STU
005 20170629140836.4
007 ta
008 170629s ----xo-----e------000-0-----d
040 |a STU  |b slo 
041 0 |a slo  |h slo 
044 |a xo 
100 1 |a Hirš, Milan  |4 aut  |r Z5 
245 1 0 |a Príroda Tatranského národného parku /  |c aut. Milan Hirš 
250 |a 1. vyd. 
260 |a Martin:  |b Osveta,   |c 1956 
300 |a 317 s. 
996 |b 284V040715  |c V* 52674/O-23831  |l VVS  |s A  |a 24  |w 0024911_0001